000 00704ntaaa2200205 4500
003 01
005 20251027203037.0
008 0714s1973 ag 01
020 _a080106714
040 _aAR-BaBN
_bspa
_cAR-BaBN
_eaacr
_dRIC
082 _a221.4403 Ow2a
100 _aOwens, John Joseph
_931531
245 _aAnalytical Key to the Old Testament
250 _a1 ed.
260 _aGrand Rapids :
_bBaker Book House,
_c1995, 1989
300 _a4 v ;
_c25,5 cm
500 _aV.1 Genesis-Joshua,ISBN 0-8010-6714-6 V.2 Judges-Chronicles,ISBN 0-8010-6753-7. V.3 Ezra-Song of Solomon,ISBN 0-8010-6715-4. V.4 Isaiah-Malachi,ISBN 0-8010-6713-8
650 _aBiblia-Antiguo Testamento-Hebreo
_911052
942 _cBK
999 _c25798
_d25798